000 00524nam a2200217Ia 4500
005 20250425162618.0
008 250425s9999 xx 000 0 und d
020 _a9786071502988
041 _aspa
082 _a658.15
100 _aROSS, STEPHEN A.
245 0 _aFUNDAMENTOS DE FINANZAS CORPORATIVAS
250 _a9A ED.
260 _aMEXICO
260 _aMéxico
_bMCGRAW - HILL
_c2010
300 _a882
650 _aESTADOS FINANCIEROS
650 _aFINANZAS CORPORATIVAS
942 _c01
010 _a90332
999 _c232822
_d232822